000 00667nam a2200253Ia 4500
003 OSt
005 20220918202535.0
006 a|||||r|||| 00| 0
007 ta
008 220917b |||||||| |||| 00| 0 eng d
024 _a101,978
037 _cTextual
040 _aARTS
_cARTS
_beng
041 _2eng
_aeng
082 _aV25:(E), K5;L5;1
100 _aRiley J P Ed
_994315
245 0 _aChiemical oceangeography
250 _a2nd
260 _aLondon
_bAcademic Press
_c1975
650 _aHISTORY
700 _a Skirrow G Ed.
_994317
942 _hV25:(E), K5;L5;1
_cTEXL
_2CC
999 _c225438
_d225438